000 00601nam a2200193Ia 4500
008 220216s9999 xx 000 0 und d
100 _aSupriadi M
245 0 _aAdoption of rubber cultivation technology by rubber smallholders in South Sumatra, Indonesia
260 _bTechnology Transfer: Proceedings of the IRRDB Socio-Economic Symposium, Jakarta, 1992; p47-61
650 _aIndonesia
650 _aRubber cultivation
650 _aRubber smallholders
700 _aDereinda R
700 _aGouyon A
700 _aGozali A D
700 _aHendratno S
700 _aNancy C
942 _cJS
999 _c53843
_d53843